Handballer des Jahres (Deutschland) - Statistiken

Allgemein
  • Dieses Quiz wurde 329 mal gespielt
    139 seit der letzten Aktualisierung
  • Das Durchschnittsergebnis liegt bei 16 aus 47
Antwortstatistiken
Jahr Nationalität Verein Spieler % Korrekt
2011 Deutschland Rhein-Neckar Löwen Uwe Gensheimer
77%
2012 Deutschland Rhein-Neckar Löwen Uwe Gensheimer
77%
2013 Deutschland Rhein-Neckar Löwen Uwe Gensheimer
77%
2014 Deutschland Rhein-Neckar Löwen Uwe Gensheimer
77%
2015 Deutschland Wetzlar Andreas Wolff
71%
2016 Deutschland Kiel Andreas Wolff
71%
2024 Deutschland Hannover Renārs Uščins
69%
2017 Schweiz Rhein-Neckar Löwen Andy Schmid
65%
2022 Deutschland Fensburg Johannes Golla
63%
2021 Dänemark Kiel Niklas Landin
60%
2007 Frankreich Kiel Nikola Karabatić
54%
2008 Frankreich Kiel Nikola Karabatić
54%
2009 Tschechien Kiel Filip Jícha
49%
2010 Tschechien Kiel Filip Jícha
49%
2023 Island Magdeburg Gísli Kristjánsson
48%
2020 Deutschland Kiel Hendrik Pekeler
47%
1978 Deutschland Gummersbach Heiner Brand
45%
2003 Deutschland Lemgo Florian Kehrmann
40%
2005 Deutschland Lemgo Florian Kehrmann
40%
2006 Deutschland Lemgo Florian Kehrmann
40%
2018 Deutschland Kiel Patrick Wiencek
36%
2001 Deutschland Lemgo Christian Schwarzer
33%
2004 Deutschland Kiel Henning Fritz
31%
2000 Deutschland Wetzlar Markus Baur
31%
2002 Deutschland Lemgo Markus Baur
31%
1994 Deutschland Gummersbach Stefan Kretzschmar
28%
1995 Deutschland Gummersbach Stefan Kretzschmar
28%
1997 Deutschland Lemgo Daniel Stephan
26%
1998 Deutschland Lemgo Daniel Stephan
26%
1999 Deutschland Lemgo Daniel Stephan
26%
2019 Deutschland Hannover Timo Kastening
22%
1983 Deutschland Gummersbach Andreas Thiel
11%
1984 Deutschland Gummersbach Andreas Thiel
11%
1985 Deutschland Gummersbach Andreas Thiel
11%
1986 Deutschland Gummersbach Andreas Thiel
11%
1987 Deutschland Gummersbach Andreas Thiel
11%
1989 Deutschland Gummersbach Andreas Thiel
11%
1993 Deutschland Bayer Dormagen Andreas Thiel
11%
1981 Deutschland Gummersbach Erhard Wunderlich
10%
1982 Deutschland Gummersbach Erhard Wunderlich
10%
1996 Deutschland Wallau/Massenheim Martin Schwalb
10%
1988 Deutschland TuSEM Essen Jochen Fraatz
6%
1991 Deutschland TuSEM Essen Jochen Fraatz
6%
1980 Deutschland Hofweier Arno Ehret
5%
1979 Deutschland Großwallstadt Manfred Hofmann
5%
1992 Finnland Wallau/Massenheim Mikael Källman
3%
1990 Deutschland TuSEM Essen Stefan Hecker
3%
Keine übereinstimmenden Quizze gefunden
Verteilung der Resultate
Anzahl Personen mit jedem Resultat
Perzentil nach korrekt beantworteten Fragen
Ihre Resultats-Entwicklung
Sie haben dieses Quiz seit der letzten Aktualisierung nicht gespielt